000 00551nam a22001932 4500
001 0000001879
005 20151217155813.0
008 070328s xx 000 0 eng d
040 _aKABU
_cKABU
050 0 _aDT438
_b.H36
245 1 4 _aThe Handbook of Tanganyika /
_cgeneral editor, Gerald F. Sayers.
260 _aLondon :
_bMacmillan,
_c1930.
300 _ax, 636 p.
651 0 _aTanzania.
_@0000064630
700 1 _aSayers, Gerald F.
_@0000150948
908 _a070328
950 _@1
999 _c12656
_d12656